| 000 | 00942cam a2200301Ia 4500 | ||
|---|---|---|---|
| 001 | 34460277 | ||
| 003 | OCoLC | ||
| 005 | 20230222155440.0 | ||
| 008 | 960325s1996 miu 000 0 eng d | ||
| 020 | _a0310207762 (pbk.) | ||
| 020 | _a9780310207764 (pbk.) | ||
| 035 | _a(OCoLC)34460277 | ||
| 040 |
_aSJG _cSJG _dDPL _dEXN _dBAKER _dBTCTA _dYDXCP _dMZN |
||
| 050 | 4 | _bC555W | |
| 082 | _bC555W | ||
| 090 |
_aBV4447 _b.C483 1996 |
||
| 100 | 1 | _aChristie, Les John | |
| 245 | 1 | 0 |
_aWhat if--? : _b450 thought-provoking questions to get your kids talking, laughing, and thinking / _cLes Christie |
| 260 |
_aGrand Rapids, Mich. : _bZondervan, _cc1996 |
||
| 300 |
_a1 v. (unpaged) ; _c17 cm |
||
| 490 | 1 | _aYouth Specialties | |
| 650 | 0 | _aChurch work with teenagers | |
| 650 | 0 |
_aTeenagers _xReligious life |
|
| 650 | 0 |
_aYouth _xReligious life |
|
| 650 | 0 | _aChristian education of teenagers | |
| 830 | 0 | _aYouth Specialties | |
| 942 |
_2ddc _cBK |
||
| 999 |
_c11085 _d11085 |
||